000 01123nam a2200277Ia 4500
001 ebr10103429
003 CaPaEBR
006 m u
007 cr cn|||||||||
008 000815s2005 enk s 000 0 eng d
020 _z1845447336
040 _aCaPaEBR
_cCaPaEBR
035 _a(OCoLC)232157405
050 1 4 _aHD30.3
_b.P65 2005eb
245 0 0 _aPolitics and government in the age of the internet
_h[electronic resource] /
_cguest editor Caroline Auty.
260 _aBradford, England :
_bEmerald Group Publishing,
_cc2005.
300 _a86 p.
490 0 _aAslib proceedings: new information perspectives ;
_vv.57, no. 4
533 _aElectronic reproduction.
_bPalo Alto, Calif. :
_cebrary,
_d2009.
_nAvailable via World Wide Web.
_nAccess may be limited to ebrary affiliated libraries.
650 0 _aInformation technology
_xManagement.
650 0 _aLibrary science.
655 7 _aElectronic books.
_2local
700 1 _aAuty, Caroline.
710 2 _aebrary, Inc.
856 4 0 _uhttp://site.ebrary.com/lib/rucke/Doc?id=10103429
_zAn electronic book accessible through the World Wide Web; click to view
999 _c102513
_d102513